000
00215 a2200097 4500
001
15180
100
_a
Russell R.S
245
_a
Imperial preference
260
_a
London
_b
Empire eco union
_c
090
_c
11921
_d
11921
942
_a
NUST-CAE
_c
M
_c
2138
999
_c
250253
_d
250253